Normal view
MARC view
Entry Meeting Name
001 - CONTROL NUMBER
- control field: 15361
003 - CONTROL NUMBER IDENTIFIER
- control field: OSt
005 - DATE AND TIME OF LATEST TRANSACTION
- control field: 20211105133920.0
008 - FIXED-LENGTH DATA ELEMENTS
- fixed length control field: 211105|| aca||aabn | a|a d
040 ## - CATALOGING SOURCE
- Original cataloging agency: OSt
- Transcribing agency: OSt
111 ## - HEADING--MEETING NAME
- Meeting name or jurisdiction name as entry element: Symposium on Interstellar Processes
- Location of meeting: Grand Teton National Park, United States,
- Date of meeting or treaty signing: 1986 July
670 ## - SOURCE DATA FOUND
- Source citation: Work cat.: (OSt): Symposium on Interstellar Processes Grand Teton National Park, United States, 1986 July, Interstellar processes, 1987